Elementary technical electricity / (Record no. 180417)

000 -LEADER
fixed length control field 01180 a2200181 4500
003 - CONTROL NUMBER IDENTIFIER
control field Nust
005 - DATE AND TIME OF LATEST TRANSACTION
control field 20230718133640.0
040 ## - CATALOGING SOURCE
Transcribing agency Nust
082 ## - DEWEY DECIMAL CLASSIFICATION NUMBER
Classification number 621.31,HUT
100 ## - MAIN ENTRY--PERSONAL NAME
Personal name Hutchinson, Robert W.
9 (RLIN) 39894
245 ## - TITLE STATEMENT
Title Elementary technical electricity /
Statement of responsibility, etc. Robert W. Hutchinson
260 ## - PUBLICATION, DISTRIBUTION, ETC.
Place of publication, distribution, etc. Tutorial press,
Name of publisher, distributor, etc. London,
Date of publication, distribution, etc. 1938.
300 ## - PHYSICAL DESCRIPTION
Extent 406 p.
505 ## - FORMATTED CONTENTS NOTE
Formatted contents note Introduction How our Knowledge of Electricity Began with A Glance at Some Old and New Ideas (Page-1), General Principles of Magnetism (Page-17), Magnetic Theory and Units (Page-45), Magnetic Measurements Simple Laboratory and Technical (Page-67), The Earth Magnetism (Page-83), General Effects of an Electric Current (Page-134), Simple Theory in Current Electricity (Page-159), The Chemical Effects of Currents Industrial Applications and Accumulators (Page-201), Electrical Testing (Page-249), Induced Electro-Motive Forces and Currents (Page-268), Direct Current Generators (Page-287), Direct Current Motors (Page-305), Some Modern Developments in Radio and Electronics (Page-354).
600 ## - SUBJECT ADDED ENTRY--PERSONAL NAME
Personal name Robert W Hutchinson
9 (RLIN) 113710
650 ## - SUBJECT ADDED ENTRY--TOPICAL TERM
Topical term or geographic name entry element Elementary technical electricity
9 (RLIN) 103914
942 ## - ADDED ENTRY ELEMENTS (KOHA)
Source of classification or shelving scheme
Koha item type Book
Call number prefix 621.31,HUT
Holdings
Withdrawn status Lost status Source of classification or shelving scheme Damaged status Not for loan Permanent Location Current Location Shelving location Date acquired Full call number Barcode Date last seen Price effective from Koha item type Public note
          Military College of Signals (MCS) Military College of Signals (MCS) General Stacks 12/12/2016 621.31,HUT MCS5910 12/08/2016 12/12/2016 Book Almirah No 88, Shelf No 2
© 2023 Central Library, National University of Sciences and Technology. All Rights Reserved.